| 000 | 00763nam a22002297a 4500 | ||
|---|---|---|---|
| 999 |
_c17754 _d17754 |
||
| 003 | AR-CdUCM | ||
| 008 | 190225b ||||| |||| 00| 0 spa d | ||
| 020 | _a8439900635 | ||
| 040 |
_aMUNICIPALIDAD PROVINCIAL DEL CUSCO _cBIBLIOTECA MUNICIPAL DEL CUSCO |
||
| 082 |
_a329.1 / _bF634 |
||
| 100 |
_aFlores Polo, Pedro _93159 |
||
| 245 | _aEstudio juridico de las leyes de titulos valores / | ||
| 260 |
_aLima - Perú: _bJusto Valenzuela, _c1986. |
||
| 300 |
_a228 paginas : _c25 cm. |
||
| 505 | _aContenido : Tarea histórica del Apra -- Realidad económica -- Plan de acción.. | ||
| 650 |
_aAntiimperialismo del Apra _937922 |
||
| 650 |
_aHistoria _9136 |
||
| 650 |
_aApra _91868 |
||
| 700 |
_aFlores Polo Pedro _93163 |
||
| 942 |
_2ddc _cLIBROS |
||
| 945 | _arcc | ||